000 00630nam a2200169 a 4500
001 BRCA_2108
005 20190320203654.0
008 120808s1991----mx-#---###---#000-0#spa-#
050 4 _aF1391.P8
_b.L43 50
_c1991
100 1 _aArmella de Aspe, Virginia
_92324
245 1 0 _aComentarios de ayer y hoy sobre la Puebla de los Ángeles
_cVirginia Armella de Aspe.
260 _aPuebla, México
_bGobierno del Estado de Puebla : Secretaría de Cultura : Comisión Puebla V Centenario
_c1991
300 _a19 p.
_c21 cm.
440 0 _aLecturas Históricas de Puebla
_n50
_96391
651 4 _aPuebla (México)
_xHistoria
_9409
942 _2lcc
_cB
999 _c1865
_d1865